000 00389cam a2200145ua 4500
003 OSt
008 250502b |||||||| |||| 00| 0 eng d
041 _aeng
082 _a624.1517
_bKIS/SU
100 _aKissam, Philip
_97436
245 _aSurveying for civil engineers,Part-l,ll,lll,lV,V /
260 _aNew York :
_bMcGraw Hill Book Company ,
_c1956.
300 _a716 ; .
942 _cBK
999 _c10390
_d10390